000 01962nam a2200433 i 4500
001 vtls003261884
003 MY-SjTCS
005 20200508124956.0
006 m o d
007 cr cn|||||||||
008 141231t20152015enkao ob 001 0 eng d
020 _z9780470662571
020 _a9781118534717 (e-book)
035 _a(OCoLC)893686414
035 _a(CaPaEBR)ebr10941710
039 9 _a201809071343
_bVLOAD
_c201412311011
_dpushpa
_c201412311000
_dpushpa
_y201412310933
_zpushpa
040 _aCaPaEBR
_beng
_erda
_epn
_cCaPaEBR
082 0 4 _a629.134/1
_223
100 1 _aSóbester, András,
_eauthor.
245 1 0 _aAircraft aerodynamic design :
_bgeometry and optimization /
_cAndrás Sóbester, Alexander Forrester.
264 1 _aChichester, England :
_bWiley,
_c2015.
264 4 _c©2015
300 _a1 online resource (265 pages) :
_billustrations, photographs.
336 _atext
_2rdacontent
337 _acomputer
_2rdamedia
338 _aonline resource
_2rdacarrier
490 1 _aAerospace Series
504 _aIncludes bibliographical references and index.
588 _aDescription based on print version record.
590 _aElectronic reproduction. Palo Alto, Calif. : ebrary, 2014. Available via World Wide Web. Access may be limited to ebrary affiliated libraries.
650 0 _aAirframes.
_937891
650 0 _aAerodynamics.
_910542
655 0 _aElectronic books.
700 1 _aForrester, Alexander I. J.,
_eauthor.
776 0 8 _iPrint version:
_aSóbester, András.
_tAircraft aerodynamic design : geometry and optimization.
_dChichester, England : Wiley, c2015
_hxv, 246 pages
_kAerospace series (Chichester, England)
_z9780470662571
_w2014026821
797 2 _aebrary.
830 0 _aAerospace series (Chichester, England)
_955639
856 4 0 _uhttps://ezproxy.taylors.edu.my/login?url=http://site.ebrary.com/lib/taylorscollege/Doc?id=10941710
_zAn electronic book accessible through the World Wide Web; click to view
999 _c159910